Loading...
| Fine Arts - Other | 0 | 4 | 0 | 1 | 40 | 98 | 120.75 | 0 | 3 | 0.00 | 0.00 |
| Fine Arts - Classical Music | 0 | 3 | 0 | 0 | 30 | 91 | 107.67 | 3 | 3 | 0.00 | 0.00 |
| Religion | 0 | 2 | 1 | 0 | 15 | 59 | 76.00 | 1 | 2 | 0.00 | 0.00 |
| Philosophy | 0 | 1 | 0 | 0 | 10 | 73 | 73.00 | 0 | 1 | 0.00 | 0.00 |
| Fine Arts - Painting and Sculpture | 0 | 1 | 0 | 0 | 10 | 118 | 118.00 | 0 | 1 | 0.00 | 0.00 |
| Literature - World | 0 | 1 | 0 | 0 | 10 | 146 | 146.00 | 0 | 0 | 0.00 | 0.00 |
| Science - Physics | 0 | 0 | 0 | 0 | 0 | 0.00 | 0 | 0 | 0.00 | 0.00 | |
| Literature - American | 0 | 0 | 0 | 0 | 0 | 0.00 | 0 | 0 | 0.00 | 0.00 | |
| Literature - British | 0 | 0 | 0 | 0 | 0 | 0.00 | 0 | 0 | 0.00 | 0.00 |